Cẩm nang y học cổ truyền 80 bài thuốc chữa rắn cắn
Enregistré dans:
| Auteur principal: | |
|---|---|
| Format: | Livre |
| Langue: | Undetermined |
| Publié: |
Đồng Nai
Nxb. Đồng Nai
1997
|
| Sujets: | |
| Tags: |
Ajouter un tag
Pas de tags, Soyez le premier à ajouter un tag!
|
| Thư viện lưu trữ: | Trung tâm Học liệu Trường Đại học Cần Thơ |
|---|
| LEADER | 00532nam a2200181Ia 4500 | ||
|---|---|---|---|
| 001 | CTU_19474 | ||
| 008 | 210402s9999 xx 000 0 und d | ||
| 082 | |a 615.942 | ||
| 082 | |b C125 | ||
| 100 | |a Dương Văn Cầu | ||
| 245 | 0 | |a Cẩm nang y học cổ truyền | |
| 245 | 0 | |b 80 bài thuốc chữa rắn cắn | |
| 245 | 0 | |c Dương Văn Cầu | |
| 260 | |a Đồng Nai | ||
| 260 | |b Nxb. Đồng Nai | ||
| 260 | |c 1997 | ||
| 650 | |a venom | ||
| 980 | |a Trung tâm Học liệu Trường Đại học Cần Thơ | ||